Medical-surgical nursing : (Record no. 7477)

MARC details
000 -LEADER
fixed length control field 00995pam a2200325 a 4500
001 - CONTROL NUMBER
control field 4298055
003 - CONTROL NUMBER IDENTIFIER
control field 20170411093049.0
005 - DATE AND TIME OF LATEST TRANSACTION
control field 20240606081036.0
008 - FIXED-LENGTH DATA ELEMENTS--GENERAL INFORMATION
fixed length control field 861027s1987 moua b 001 0 eng c
010 ## - LIBRARY OF CONGRESS CONTROL NUMBER
LC control number 86028513
020 ## - INTERNATIONAL STANDARD BOOK NUMBER
International Standard Book Number 0801638488
040 ## - CATALOGING SOURCE
Original cataloging agency DNLM/DLC
Transcribing agency DLC
Modifying agency DLC
050 10 - LIBRARY OF CONGRESS CALL NUMBER
Classification number RT41
Item number .M49 1987
060 ## - NATIONAL LIBRARY OF MEDICINE CALL NUMBER
Classification number WY 150 M4894
082 00 - DEWEY DECIMAL CLASSIFICATION NUMBER
Classification number 610.73
Edition information 19
245 00 - TITLE STATEMENT
Title Medical-surgical nursing :
Remainder of title concepts and clinical practice /
250 ## - EDITION STATEMENT
Edition statement 3rd ed.
260 ## - PUBLICATION, DISTRIBUTION, ETC.
Place of publication, distribution, etc. St. Louis :
Name of publisher, distributor, etc. Mosby,
Date of publication, distribution, etc. 1987.
300 ## - PHYSICAL DESCRIPTION
Extent xviii, 2161 p. :
Other physical details ill. ;
Dimensions 29 cm.
504 ## - BIBLIOGRAPHY, ETC. NOTE
Bibliography, etc. note Includes bibliographies and index.
650 #0 - SUBJECT ADDED ENTRY--TOPICAL TERM
Topical term or geographic name entry element Nursing.
650 #0 - SUBJECT ADDED ENTRY--TOPICAL TERM
Topical term or geographic name entry element Surgical nursing.
650 #2 - SUBJECT ADDED ENTRY--TOPICAL TERM
Topical term or geographic name entry element Nursing Care.
650 #2 - SUBJECT ADDED ENTRY--TOPICAL TERM
Topical term or geographic name entry element Surgical Nursing.
700 1# - ADDED ENTRY--PERSONAL NAME
Personal name Phipps, Wilma J.,
Dates associated with a name 1925-
700 1# - ADDED ENTRY--PERSONAL NAME
Personal name Long, Barbara C.,
Dates associated with a name 1926-
700 1# - ADDED ENTRY--PERSONAL NAME
Personal name Woods, Nancy Fugate.
906 ## - LOCAL DATA ELEMENT F, LDF (RLIN)
a 7
b cbc
c orignew
d 1
e ocip
f 19
g y-gencatlg
942 ## - ADDED ENTRY ELEMENTS (KOHA)
Source of classification or shelving scheme Library of Congress Classification
Koha item type Books
Holdings
Withdrawn status Lost status Source of classification or shelving scheme Damaged status Not for loan Home library Current library Date acquired Total checkouts Full call number Barcode Date last seen Price effective from Koha item type
    Library of Congress Classification     Murang'a University of Technology Library Murang'a University of Technology Library 11/04/2017   RT41 .M49 1987 006461 30/08/2024 11/04/2017 Books